000
00220 a2200097 4500
001
3968
100
_a
Beer,F.P
245
_a
Vector mech for engg statistics & dynamics
260
_a
_b
Mcgrawhill
_c
090
_c
3197
_d
3197
942
_a
NUST-CAE
_c
M
_c
24413
999
_c
239041
_d
239041